| 000 | 01094nam a2200205Ia 4500 | ||
|---|---|---|---|
| 999 |
_c34519 _d34519 |
||
| 001 | 269 | ||
| 003 | GE_BSU | ||
| 005 | 20210224143231.0 | ||
| 008 | 181216s2002||||ge |||||||||||||| ||geo|| | ||
| 020 | _a9992895829 | ||
| 040 | _cGE_BSU | ||
| 041 | _ageo | ||
| 080 | _a94(5) | ||
| 245 |
_aახლო და შუა აღმოსავლეთი : _b[კრ.] 1. ისტორია და თანამედროვეობა / _cრედ.: ზაზა მენთეშაშვილი: თსუ, ახლო და შუა აღმოსავლეთში ეთნოკონფესიონალურ ურთიერთ. შემსწ. ს.-კ. ლაბორატორია. |
||
| 264 |
_aთბილისი : _bთბილისის უნ-ტის გამ-ბა, _c2002. |
||
| 300 |
_a340 გვ. _b20სმ. |
||
| 653 | _aახლო და შუა აღმოსავლეთის ისტორია | ||
| 700 |
_aმენთეშაშვილი, ზაზა _eრედაქტორი _910222 |
||
| 942 |
_cBK _2udc |
||